| 000 | 01009nac a22002771u 4500 | ||
|---|---|---|---|
| 003 | EG-ScBUE | ||
| 005 | 20221013122055.0 | ||
| 008 | 221013s1999 vraa f b 001 0 eng d | ||
| 020 | _a1864700246 | ||
| 020 | _a9781864700244 | ||
| 040 |
_aEG-ScBUE _beng _erda _cEG-ScBUE _dEG-ScBUE |
||
| 082 | 0 | 4 |
_a720.92 _bKEN _222 |
| 245 | 0 | 0 |
_aKen Woolley and Ancher, Mortlock & Woolley : _bselected and current works. |
| 246 | 3 |
_aKen Woolley and Ancher, Mortlock and Woolley : _bselected and current works |
|
| 264 | 1 |
_aMulgrave, Victoria : _bImages Publishing Group, _c1999. |
|
| 300 |
_a256 pages : _billustrations (some color) ; _c31 cm. |
||
| 490 | 0 |
_aThe master architect series ; _vIV |
|
| 504 | _aIncludes bibliographical references and index. | ||
| 600 | 1 | 0 |
_aWoolley, Ken, _d1933- _2BUEsh |
| 610 | 2 | 7 |
_aAncher, Mortlock & Woolley. _2BUEsh |
| 650 | 7 |
_aArchitects _zAustralia. _2BUEsh |
|
| 650 | 7 |
_aArchitecture _zAustralia _y20th century. _2BUEsh |
|
| 653 | _bENGARC | ||
| 655 | _vReading book | ||
| 942 |
_cBB _2ddc |
||
| 999 |
_c3119 _d3119 |
||